000 00510nam a2200193Ia 4500
003 GCL
008 140319s9999 xx 000 0 ara d
040 _aGCL /
_cGCL
082 0 4 _a927
_bأ ب
100 1 _aاحمد مرسى
245 1 0 _aبيكاسو /
_cاحمد مرسى
300 _a127 ص
490 _aالسلسلة الفنية
_v0
650 0 4 _aالتراجم
650 0 4 _aالرسامون
650 0 4 _aالفنانون - تراجم
650 0 4 _aبيكاسو، بابلو
942 _2ddc
_cBK
999 _c51356
_d51356